01076cam a22002411a 450000100100000000500170001000800410002704000250006808200200009310000240011324501120013726000410024930000240029050000370031450500480035165000600039965000610045970000490052070000260056995201170059595201070071299900150081900000426020200929151422.0740408m19uu sp a b 000 0 spa  aDO-SdBNPcspadBNPHU aH860.9bM527ó1 aNervo, Amado91259010aObras completas de Amado Nervo /cAMado Nervo ; texto al cuidado de Alfonso Reyes ; ilustraciones de Marco. a[Madrid] :bBiblioteca Nueva,c190-? av. :bil. ;c21 cm. ala biblioteca posee los vs. 6,150 av. 6 : El donador de almasrPascal Aguilera 4aLiteratura hispanoamericanaxHistoria y crítica96273 4aLireratura puertorriqueñaxHistoria y crítica912591 2aAguilera, PascaltEl donador de almas912592 2aReyes, Alfonso912593 001050718MOaGRbGRcHDd2009-07-20iLF1l0oH860.9 M527óp4260-10r2020-06-25w2020-06-25y1ZNo se presta 001050718MOaGRbGRcHDd2009-07-20iLF1l0ov. 2p4260-20r2020-06-25w2020-06-25y1ZNo se presta c4074d4074